| 000 | 01403nam a2200289Ia 4500 | ||
|---|---|---|---|
| 003 | GCL | ||
| 005 | 20240530102526.0 | ||
| 008 | 140319s9999 xx 000 0 ara d | ||
| 020 | _a0558101977 | ||
| 040 |
_aGCL / _cGCL |
||
| 082 | 0 | 4 |
_a962 _bق/ل ي |
| 100 | 1 | _aلويس جريس | |
| 245 | 1 | 0 |
_aيوميات من التاريخ المصرى الحديث 1775 - 1952 / _cلويس جريس |
| 260 |
_aالقاهرة : _bالهيئة المصرية العامة للكتاب ، _c1998 |
||
| 300 |
_a524 ص ؛ _c22 سم |
||
| 490 |
_aتاريخ المصريين _v120 |
||
| 650 | 0 | 4 | _aالاحتلال البريطانى |
| 650 | 0 | 4 | _aمصر - تاريخ - العصر الحديث - عصر محمد على ( 1805- 1849 م ) |
| 650 | 0 | 4 | _aمصر - تاريخ - العصر الحديث - ابراهيم باشا ( 1848-1848 ) |
| 650 | 0 | 4 | _aمصر - تاريخ - العصر الحديث (1805 - 1956 ) |
| 650 | 0 | 4 | _aمصر - تاريخ - العصر العثمانى ( 1517-1914 م ) |
| 650 | 0 | 4 | _aمصر - تاريخ - العصر الحديث - الخديوى توفيق ( 1879-1892 م ) |
| 650 | 0 | 4 | _aمصر - تاريخ - العصر الحديث - الملك فاروق ( 1936-1952 م ) |
| 650 | 0 | 4 | _aمصر - تاريخ - الحملة الفرنسية (1798-1801م) |
| 650 | 0 | 4 | _aمصر - تاريخ - العصر الحديث - عصر اسماعيل ( 1863-1879 م ) |
| 942 |
_2ddc _cBK |
||
| 999 |
_c32872 _d32872 |
||